|
|
|
|
| LEADER |
00620nam a22001932a 4500 |
| 001 |
000276888 |
| 003 |
CZ BrMZK |
| 005 |
19980103143423.0 |
| 008 |
980103s1987 xo f cze d |
| 040 |
|
|
|a BOA001
|b cze
|
| 080 |
|
|
|a 007.52(075.8)
|2 MRF
|
| 100 |
1 |
|
|a Tolnay, Marián
|7 mzk2006355869
|4 aut
|
| 245 |
1 |
0 |
|a Priemyselné roboty a manipulátory /
|c M. Tolnay
|
| 250 |
|
|
|a 1. vyd.
|
| 260 |
|
|
|a Bratislava :
|b Slovenská vysoká škola technická,
|c 1987
|
| 300 |
|
|
|a 232 s.
|
| 910 |
|
|
|a BOA001
|b TK-A-0235.770
|
| 990 |
|
|
|a BK
|
| 996 |
7 |
|
|b 2629965776
|c TK-A-0235.770
|l MZK
|r Sklad / do 24 hodin
|n 2
|w 000276888
|u 000010
|a 1
|e BOA001
|j MZK50
|s A
|